| 000 | 02809nkm0a2200457 4500 | ||
|---|---|---|---|
| 001 | RU\NLR\bibl\2084115 | ||
| 005 | 20260408012150.0 | ||
| 020 |
_aRU _b410 _9ЛЕНИНГРАД В ВЕЛИКОЙ ОТЕЧЕСТВЕННОЙ ВОЙНЕ: Печать Ленинграда, 1941 - 1945: каталог изданий, хранящихся в фондах Государственной Публичной библиотеки, вып.2. Листовки,плакаты,открытки,альбомы/Гос.публ.б-ка им.М.Е.Салтыкова-Щедрина. - Ленинград,1972 |
||
| 035 | _a(NLR Aleph) 002074267 | ||
| 090 |
_a13295708 _c13295708 |
||
| 100 | _a20131021j1944 u y0rusy50 ca | ||
| 101 | 0 | _arus | |
| 102 | _aRU | ||
| 105 | _ay z ||||| | ||
| 135 | _acrcn 024anaba | ||
| 200 | 1 |
_aИнструкция по пожарной безопасности в пионерлагерях и детских дачах - домах отдыха _fутв. нач. Упр. пожарной охраны гор. Ленинграда полк. Сериков, 16 мая 1944 г. |
|
| 210 |
_a[Ленинград] _cЛТ УН-9 _d[1944, май] |
||
| 215 |
_a1 с. в 4 стб. _d37х46 |
||
| 300 | _aПодпись: начальник I отдела УПО гор. Ленинграда инженер-майор Семушкин | ||
| 325 | 1 | _aКопия доступна в электронной библиотеке РНБ | |
| 606 | 1 |
_aБлокада Ленинграда _jЛистовки _z1941 - 1944 _92077679 _3RU\NLR\AUTH\661253360 |
|
| 686 | _aН96г(2) | ||
| 686 | _aТ3(2)722.721,011 | ||
| 702 | 1 |
_4220 _8rus _7ca _aСериков _bМ. К. _f1894-1969 _gМихаил Кузьмич _3RU\NLR\auth\77127146 _9110070 |
|
| 702 | 1 |
_4570 _8rus _7ca _aСемушкин _bБ. В. _3RU\NLR\auth\77127142 _9110066 |
|
| 711 | 0 | 2 |
_aЛенинградское городское управление пожарной охраны _bОтдел _c1 |
| 712 | 0 | 2 |
_4570 _aЛенинградское городское управление пожарной охраны _3RU\NLR\AUTH\8810174257 _9844581 |
| 801 | 0 |
_aRU _bNLR _c19720101 _gPSBO |
|
| 801 | 1 |
_aRU _bNLR _c20131021 _gRCR |
|
| 852 |
_aNLR _bЛ3-330л _j8/4-10 |
||
| 856 | 0 | _uhttp://vivaldi.nlr.ru/ll000075553/view | |
| 856 | 1 | _uhttp://vivaldi.nlr.ru/ll000075553/cover | |
| 856 | 2 | _uhttp://vivaldi.nlr.ru/ll000075553/text | |
| 901 | _eКнижные издания | ||
| 942 | _cBOOK | ||
| 945 | _aРоссийская национальная библиотека | ||
| 980 | _aBV | ||
| 980 | _aNB | ||
| 981 | 3 | 7 |
_a(37) Ленинград в Великой Отечественной войне _b(37) Инструкции, правила, памятки |